000 00281nam a22001337a 4500
008 170315b xxu||||| |||| 00| 0 eng d
020 _a9780697286543
041 _aeng
080 _22ND
_a591
100 _a7
101 _aSHM
245 _aVERTEBRATES
_cKARDONG
942 _2udc
_cBK
999 _c7803
_d7803